| 000 | 00918cam a2200253 4500 | ||
|---|---|---|---|
| 008 | 020415n1998 000 0 eng u | ||
| 020 | _a1873394292 | ||
| 035 | _a(Sirsi) u117486 | ||
| 041 | _aeng. | ||
| 050 | _a691.2 | ||
| 100 | _aCowper, A. | ||
| 245 | _aLime and lime mortars | ||
| 260 |
_aShaftesbury _bDonhead _c1998 |
||
| 300 |
_a81p. _c25cm. |
||
| 350 | _a17.95 | ||
| 520 | _aThis special report was originally published in 1927 and provides a comprehensive review of lime burning, the classification of limes, the use of limes, limewashes, lime plaster, pozzolanas, mortars and concretes. The recent revival in the use of traditional lime mortars, plasters and washes has led to the revival of this report. | ||
| 650 | _aLIME | ||
| 650 | _aLIME MORTARS | ||
| 650 | _aLIME BURNING | ||
| 650 | _aLIMEWASHES | ||
| 650 | _aMORTARS | ||
| 690 | _aBUILDING AND CONSTRUCTION-MATERIALS | ||
| 942 | _n0 | ||
| 999 |
_c102002 _d102002 |
||